¿Existe una filosofía de nuestra América?
Saved in:
| Main Author: | |
|---|---|
| Format: | Book |
| Language: | Undetermined |
| Published: |
México, Distrito Federal
Siglo XXI editores
1979
|
| Edition: | 6 |
| Subjects: | |
| Tags: |
Add Tag
No Tags, Be the first to tag this record!
|
MARC
| LEADER | 00000nam a2200000Ia 4500 | ||
|---|---|---|---|
| 008 | 170316s9999 xx 000 0 und d | ||
| 090 | |a 100 S-8e | ||
| 100 | |a Salazar Bondy, Augusto | ||
| 245 | |a ¿Existe una filosofía de nuestra América? | ||
| 250 | |a 6 | ||
| 260 | |a México, Distrito Federal | ||
| 260 | |b Siglo XXI editores | ||
| 260 | |c 1979 | ||
| 300 | |a 133 páginas | ||
| 650 | |a FILOSOFÍA | ||
| 650 | |a EL PROCESO | ||
| 650 | |a EL DEBATE | ||
| 650 | |a INTERPRETACIÓN | ||
| 999 | |c 17728 |d 17728 | ||
| 040 | |a cru BVZT | ||
| 942 | |c 15 D |h 100 S-8e |2 z | ||
